Trick Questions - Statistics

General Stats
  • This quiz has been taken 82,988 times
  • The average score is 13 of 18
Answer Stats
Question Answer % Correct
What planet has the record for the lowest temperature ever observed? Earth
95%
How many months have 28 days? All of them
89%
How many words are in "Moby Dick"? Two
89%
What's something you can never eat before lunch? Dinner
88%
Tom’s father had five sons. Their names were Ten, Twenty, Thirty, Forty, and what? Tom
88%
Before Mount Everest was discovered, what was the highest mountain in the world? Mount Everest
86%
What word is spelled incorrectly in every single dictionary? Incorrectly
83%
What percentage of soldiers in the American Civil War died? 100%
80%
What word becomes shorter when you add two letters to it? Short
79%
Can you guess the capital city of Japan? Yes / No
75%
Why can't a man marry his widow's sister? Because he's dead
73%
How many animals did Moses take on the ark? None
71%
What has a face and two hands, but no arms or legs? a Clock
67%
What country is home to the greatest number of apes? India
58%
Greg is the father of Chris, but Chris is not the son of Greg. How is this possible? Chris is a girl
45%
What type of cheese is literally made backwards? Edam
42%
What do you call a woman who knows where her husband is all the time? a Widow
35%
It’s greater than God and more evil than the devil. Rich people want it, poor people have it. And if you eat it, you’ll die. What is it? Nothing
34%
No matching quizzes found
Score Distribution
Percent of People with Each Score
Percentile by Number Answered
Your Score History
You have not taken this quiz